00754cam a2200205 450000500170000000800410001702000150005805000240007310000280009724500830012525000120020826000400022030000190026049000440027950000060032350400380032950500920036765000380045965000510049720170821095845.0170821t1998 sp |||||| ||| ||spa  a842068996304aK215.S63 bT78 19981 aTruyol y Serra, Antonio10aHistoria de la filosofía del derecho y del estado /cAntonio Truyol y Serra. a13a ed. aMadrid, España :bAlianza, c1998 a2 v. ;c23 cm. 0aAlianza Universidad; Textos ; vAUT 40 a  aIncluye bibliografía e índice aContenido: V.1. De los orígenes a la baja edad media. -- V.2. Del renacimiento a Kant 4aDerecho xFilosofía xHistoria. 4aLa ley y el Estado xFilosofíax ySiglo XV